Penn State Football Career Passing Yards Leaders - Statistics

General Stats
  • This quiz has been taken 89 times
  • The average score is 4 of 10
Answer Stats
Yards Answer % Correct
9,899 Trace McSorley
90%
10,661 Sean Clifford
82%
8,427 Christian Hackenburg
65%
5,304 Kerry Collins
54%
6,390 Matt McGloin
40%
5,742 Daryll Clark
24%
7,212 Zack Mills
18%
5,382 Chuck Fusina
11%
5,869 Tony Sacca
11%
5,275 Anthony Morelli
8%
No matching quizzes found
Score Distribution
Percent of People with Each Score
Percentile by Number Answered
Your Score History
You have not taken this quiz